| 000 | 00449nam a2200157Ia 4500 | ||
|---|---|---|---|
| 008 | 151213s9999 xx 000 0 und d | ||
| 100 | _aEdward Mac Nall Burn & Standish Meacham | ||
| 245 |
_aWorld Civilizations _cEdward Mac Nall Burn & Standish Meacham |
||
| 250 | _a7th | ||
| 260 |
_aIndia _bNorton _c1986 |
||
| 300 | _a3173 p. | ||
| 650 | _aEnglish | ||
| 650 | _aEnglish | ||
| 700 | _aEdward Mac Nall Burn & Standish Meacham | ||
| 999 |
_c2194 _d2194 |
||